000 00497nam a2200145 4500
001 107691
003 ES-MaACL
007 t|
008 061121s1946 ag r ||||1| spa d
100 1 _aMoreno, Jacinto.
_983288
245 1 0 _aTumores y seudotumores de la mama
_b: estudios de investigación experimental su profilaxis y tratamiento /
_cDr. Jacinto Moreno.
260 _aBuenos Aires :
_bLópez Echegoyen,
_c1946.
300 _a142 p. 21 láms. ;
_c23 cm.
852 _aES-MaACL
_jE-2133
_bR.23849
999 _c107691
_d107691